000 00331nam a2200157Ia 4500
100 _aKolawole/Michael O
650 _aRadar systems
942 _cBK
366 _f20
654 _aradar
245 _aRadar systems
260 _bOxford university press
_c2009
082 _a621.3848
_bKOL
300 _a474
546 _aENGLISH
999 _c31841
_d31841